000 00587cam a22002051 4500
001 af 48003398
003 DLC
005 20260227110902.0
008 890424s1944 xx a 000 1 dut c
010 _aaf 48003398
035 _a(OCoLC)19591551
040 _aCalifornia. Univ. Libr.
_cCU
_dDLC
042 _apremarc
050 0 0 _aPT6458.V464
_bA8 1944
100 1 _aVerstraete, P.
245 1 3 _aDe avonturen van Scheeve Zeven.
_cMet penteekeningen van Marcel Verstraete.
250 _a2. uitg.
260 _aSteenbrugge,
_bA.-J. Witteryck
_c[1944]
300 _a104 p.
_billus.
_c22 cm.
999 _c5568
_d5568